00937 a2200217 4500020001500000020001800015082001700033090001500050100002200065245012700087260004600214300002000260490003100280500001500311830003100326856008200357856008700439942003000526999001900556952014400575 a082133977X a978082133977004a307.14120967 c3138d31381 aCleaver, Kevin M.10aRural development strategies for poverty reduction and environmental protection in sub-saharan africa /cKevin M. Cleaver. a[S.l.] :bWorld Bank Publications,c1997. a65 p. ;c23 cm.1 aDirections in development. aPaperback. 0aDirections in development.403Amazon.comuhttp://www.amazon.com/exec/obidos/ASIN/082133977X/chopaconline-20403Amazon customer reviewsuhttp://www.chopac.org/cgi-bin/tools/azrev.pl?q=082133977X aNBScBKk307.14120967 CLE c345627d345627 00154070aCLbCLd2013-08-28l1o307.14120967 CLEpNBS1773r2015-07-06s2015-07-06w2013-08-28yBKzNo. 0908/NBS/IRC Dated: 12 June, 2012